EA sports NHL cover athletes since '94 - Statistics

General Stats
  • This quiz has been taken 71 times
  • The average score is 7 of 23
Answer Stats
Game Answer % Correct
NHL 16 Jonathan Toews (Chicago)
60%
NHL 15 Patrice Bergeron (Boston)
60%
NHL 14 Martin Brodeur (New Jersey)
52%
NHL 10 Patrick Kane (Chicago)
52%
NHL 11 Jonathan Toews (Chicago)
50%
NHL 12 Steven Stamkos (Tampa Bay)
48%
NHL 07 Alexander Ovechkin (Washington)
44%
NHL 13 Claude Giroux (Philadelphia)
42%
NHL 08 Eric Staal (Carolina)
34%
NHL 2003 Jarome Iginla (Calgary)
34%
NHL 2004 Dany Heatley (Atlanta), Joe Sakic (Colorado)
26%
NHL 09 Dion Phaneuf (Calgary)
26%
NHL 06 Vincent Lecavalier (Tampa Bay)
26%
NHL '99 Eric Lindros (Philadelphia)
23%
NHL 2002 Mario Lemieux (Pittsburgh)
23%
NHL 2005 Markus Naslund (Vancouver)
23%
NHL 2001 Owen Nolan (San Jose)
18%
NHL '98 Peter Forsberg (Colorado)
16%
NHL 2000 Chris Pronger (St. Louis)
15%
NHL '96 Scott Stevens (New Jersey), Steve Yzerman (Detroit)
13%
NHL '94 Tomas Sandstrom (Los Angeles), Andy Moog (Boston)
8%
NHL '97 John Vanbiesbrouck (Florida)
6%
NHL '95 Alexei Kovalev (NY Rangers), Kirk McLean (Vancouver)
5%
No matching quizzes found
Score Distribution
Percent of People with Each Score
Percentile by Number Answered
Your Score History
You have not taken this quiz